<?xml version="1.0" encoding="UTF-8"?>
<record
    xmlns:xsi="http://www.w3.org/2001/XMLSchema-instance"
    xsi:schemaLocation="http://www.loc.gov/MARC21/slim http://www.loc.gov/standards/marcxml/schema/MARC21slim.xsd"
    xmlns="http://www.loc.gov/MARC21/slim">

  <leader>     nam a22     7a 4500</leader>
  <datafield tag="999" ind1=" " ind2=" ">
    <subfield code="c">56462</subfield>
    <subfield code="d">56462</subfield>
  </datafield>
  <controlfield tag="003">OSt</controlfield>
  <controlfield tag="005">20230408124314.0</controlfield>
  <controlfield tag="008">230408b        xxu||||| |||| 00| 0 eng d</controlfield>
  <datafield tag="040" ind1=" " ind2=" ">
    <subfield code="c">IIMT COLLEGE OF LAW, GREATER NOIDA</subfield>
  </datafield>
  <datafield tag="100" ind1=" " ind2=" ">
    <subfield code="a">DESAI, VASAT</subfield>
  </datafield>
  <datafield tag="245" ind1=" " ind2=" ">
    <subfield code="a">ENTREPRENEURIAL DEVELOPMENT</subfield>
  </datafield>
  <datafield tag="260" ind1=" " ind2=" ">
    <subfield code="a">NEW DELHI</subfield>
    <subfield code="b">HIMALAYA PUBLISHING HOUSE</subfield>
    <subfield code="c">2023</subfield>
  </datafield>
  <datafield tag="300" ind1=" " ind2=" ">
    <subfield code="a">555</subfield>
  </datafield>
  <datafield tag="942" ind1=" " ind2=" ">
    <subfield code="2">ddc</subfield>
    <subfield code="c">02</subfield>
  </datafield>
  <datafield tag="952" ind1=" " ind2=" ">
    <subfield code="0">0</subfield>
    <subfield code="1">0</subfield>
    <subfield code="2">ddc</subfield>
    <subfield code="4">0</subfield>
    <subfield code="7">0</subfield>
    <subfield code="a">11</subfield>
    <subfield code="b">11</subfield>
    <subfield code="d">2023-04-08</subfield>
    <subfield code="e">ARISTA PUBLISHERS</subfield>
    <subfield code="g">925.00</subfield>
    <subfield code="i">HO/IN/1</subfield>
    <subfield code="l">0</subfield>
    <subfield code="p">11-B-7251</subfield>
    <subfield code="r">2023-04-08</subfield>
    <subfield code="w">2023-04-08</subfield>
    <subfield code="y">02</subfield>
  </datafield>
  <datafield tag="952" ind1=" " ind2=" ">
    <subfield code="0">0</subfield>
    <subfield code="1">0</subfield>
    <subfield code="2">ddc</subfield>
    <subfield code="4">0</subfield>
    <subfield code="7">0</subfield>
    <subfield code="a">11</subfield>
    <subfield code="b">11</subfield>
    <subfield code="d">2023-04-08</subfield>
    <subfield code="e">ARISTA PUBLISHERS</subfield>
    <subfield code="g">925.00</subfield>
    <subfield code="i">HO/IN/1</subfield>
    <subfield code="l">0</subfield>
    <subfield code="p">11-B-7252</subfield>
    <subfield code="r">2023-04-08</subfield>
    <subfield code="w">2023-04-08</subfield>
    <subfield code="y">02</subfield>
  </datafield>
</record>
